Concluding unscientific postscript to philosophical fragments (Record no. 94283)
[ view plain ]
| 000 -LEADER | |
|---|---|
| fixed length control field | 00796nam a2200253Ia 4500 |
| 003 - CONTROL NUMBER IDENTIFIER | |
| control field | 0100 |
| 005 - DATE AND TIME OF LATEST TRANSACTION | |
| control field | 20231005124951.0 |
| 008 - FIXED-LENGTH DATA ELEMENTS--GENERAL INFORMATION | |
| fixed length control field | 130307s9999 xx 000 0 und d |
| 020 ## - INTERNATIONAL STANDARD BOOK NUMBER | |
| International Standard Book Number | 0691020825 |
| 040 ## - CATALOGING SOURCE | |
| Transcribing agency | ARRUPELIB |
| 050 ## - LIBRARY OF CONGRESS CALL NUMBER | |
| Classification number | B4373.A472E5 1992 |
| 300 ## - PHYSICAL DESCRIPTION | |
| Other physical details | 345p. 21cm. |
| 100 ## - MAIN ENTRY--PERSONAL NAME | |
| Personal name | Kierkegaard, Soren |
| 9 (RLIN) | 43310 |
| 245 ## - TITLE STATEMENT | |
| Title | Concluding unscientific postscript to philosophical fragments |
| 260 ## - PUBLICATION, DISTRIBUTION, ETC. (IMPRINT) | |
| Place of publication, distribution, etc | New Jersey |
| 260 ## - PUBLICATION, DISTRIBUTION, ETC. (IMPRINT) | |
| Name of publisher, distributor, etc | Princeton University Press |
| 260 ## - PUBLICATION, DISTRIBUTION, ETC. (IMPRINT) | |
| Date of publication, distribution, etc | 1992 |
| 300 ## - PHYSICAL DESCRIPTION | |
| Extent | xix |
| 650 ## - SUBJECT ADDED ENTRY--TOPICAL TERM | |
| Topical term following geographic name as entry element | Conscience--Religious aspects--Catholic |
| 9 (RLIN) | 52347 |
| 650 ## - SUBJECT ADDED ENTRY--TOPICAL TERM | |
| Location of event | Conscience--Religious aspects--Catholic church--History of doctrines |
| 650 ## - SUBJECT ADDED ENTRY--TOPICAL TERM | |
| Active dates | Catholic church--Doctrines |
| 700 ## - ADDED ENTRY--PERSONAL NAME | |
| Personal name | Hong, Howard V. and Hong, Edna H. (ed.) and (tr.) |
| 9 (RLIN) | 52348 |
| 942 ## - ADDED ENTRY ELEMENTS (KOHA) | |
| Source of classification or shelving scheme | Library of Congress Classification |
| Koha item type | Monograph ( Printed materials) |
| Withdrawn status | Lost status | Source of classification or shelving scheme | Damaged status | Not for loan | Collection code | Home library | Current library | Shelving location | Date acquired | Total Checkouts | Full call number | Barcode | Date last seen | Date checked out | Copy number | Price effective from | Koha item type |
|---|---|---|---|---|---|---|---|---|---|---|---|---|---|---|---|---|---|
| Library of Congress Classification | Main Collection | ARRUPE LIBRARY | ARRUPE LIBRARY | 07/03/2013 | 2 | B4373.A472E5 1992 | 46003012295 | 05/10/2023 | 29/08/2023 | 2 | 07/03/2013 | Monograph ( Printed materials) | |||||
| Library of Congress Classification | ARRUPE LIBRARY | ARRUPE LIBRARY | 05/10/2023 | B4373.A472E5 1992 | 46700000270 | 05/10/2023 | 05/10/2023 | Monograph ( Printed materials) |